<?xml version="1.0" encoding="UTF-8"?>
<record
    xmlns:xsi="http://www.w3.org/2001/XMLSchema-instance"
    xsi:schemaLocation="http://www.loc.gov/MARC21/slim http://www.loc.gov/standards/marcxml/schema/MARC21slim.xsd"
    xmlns="http://www.loc.gov/MARC21/slim">

  <leader>01853    a2200229   4500</leader>
  <controlfield tag="001">49431</controlfield>
  <controlfield tag="005">20260407155758.0</controlfield>
  <controlfield tag="008">260407a2003    arg                 spa d</controlfield>
  <controlfield tag="003">AR-UNSa-BCEJYS</controlfield>
  <datafield tag="040" ind1=" " ind2=" ">
    <subfield code="a">AR-UNSa-BCEJYS</subfield>
    <subfield code="b">spa</subfield>
    <subfield code="c">AR-UNSa-BCEJYS</subfield>
  </datafield>
  <datafield tag="080" ind1=" " ind2=" ">
    <subfield code="a">658</subfield>
    <subfield code="x">Administraci&#xF3;n de empresas. Organizaci&#xF3;n comercial</subfield>
  </datafield>
  <datafield tag="245" ind1="1" ind2="0">
    <subfield code="a">Administraci&#xF3;n</subfield>
    <subfield code="p">un enfoque interdisciplinario y competitivo</subfield>
  </datafield>
  <datafield tag="020" ind1=" " ind2=" ">
    <subfield code="a">978-987-9094-88-4</subfield>
  </datafield>
  <datafield tag="264" ind1=" " ind2="1">
    <subfield code="a">C&#xF3;rdoba :</subfield>
    <subfield code="b">Ediciones Eudecor</subfield>
    <subfield code="c">2003</subfield>
  </datafield>
  <datafield tag="300" ind1=" " ind2=" ">
    <subfield code="a">559 p.</subfield>
    <subfield code="c">27 cm.</subfield>
  </datafield>
  <datafield tag="505" ind1=" " ind2=" ">
    <subfield code="a">PARTE I: La administraci&#xF3;n y sus fundamentos: 1. La administraci&#xF3;n y los administradores - 2. La evoluci&#xF3;n del pensamiento administrativo - 3. Los nuevos desaf&#xED;os de la administraci&#xF3;n - 4. Las organizaciones - PARTE II: La toma de decisiones y el planeamiento: 5. La toma de decisiones - 6. El establecimiento de objetivos y la visi&#xF3;n global del planeamiento - 7. El planeamiento en acci&#xF3;n - 8.  El proceso de la formulaci&#xF3;n de la estrategia - PARTE III: La acci&#xF3;n de organizar y el establecimiento de estructuras: 9. Los fundamentos de la estructura organizativa - 10. El dise&#xF1;o de la estructura de la organizaci&#xF3;n - PARTE IV: La direcci&#xF3;n de las organizaciones: 11. La integraci&#xF3;n de las personas en la organizaci&#xF3;n - 12. Los fundamentos de la direcci&#xF3;n de las organizaciones - PARTE V: El control y el cambio en la organizaci&#xF3;n: 13. El control directivo en la organizaci&#xF3;n - 14. La administraci&#xF3;n del cambio organizacional - PARTE VI: La administraci&#xF3;n en peque&#xF1;as y medianas empresas: 15. La administraci&#xF3;n en las peque&#xF1;as y medianas empresas y en las empresas familiares.</subfield>
  </datafield>
  <datafield tag="041" ind1=" " ind2=" ">
    <subfield code="a">spa</subfield>
  </datafield>
  <datafield tag="942" ind1=" " ind2=" ">
    <subfield code="c">BK</subfield>
  </datafield>
  <datafield tag="590" ind1=" " ind2=" ">
    <subfield code="a">niveau_biblio:m niveau_hierar:0</subfield>
  </datafield>
  <datafield tag="100" ind1="1" ind2=" ">
    <subfield code="a">Alvarez, H&#xE9;ctor Felipe</subfield>
  </datafield>
  <datafield tag="856" ind1="4" ind2="1">
    <subfield code="u">https://www.biblioeco.unsa.edu.ar/pmb/images/libros/L128093.jpg</subfield>
    <subfield code="y">Imagen de portada</subfield>
    <subfield code="q">image/jpeg</subfield>
  </datafield>
  <datafield tag="999" ind1=" " ind2=" ">
    <subfield code="c">4842</subfield>
    <subfield code="d">4842</subfield>
  </datafield>
  <datafield tag="952" ind1=" " ind2=" ">
    <subfield code="0">0</subfield>
    <subfield code="1">0</subfield>
    <subfield code="4">0</subfield>
    <subfield code="7">0</subfield>
    <subfield code="a">BCEJYS</subfield>
    <subfield code="b">BCEJYS</subfield>
    <subfield code="c">16</subfield>
    <subfield code="d">2026-04-07</subfield>
    <subfield code="l">0</subfield>
    <subfield code="o">658 A472/2003</subfield>
    <subfield code="p">L128093</subfield>
    <subfield code="r">2026-04-07 15:57:58</subfield>
    <subfield code="w">2026-04-07</subfield>
    <subfield code="y">L</subfield>
  </datafield>
</record>
